| 000 | 00908cam a2200229 4500 | ||
|---|---|---|---|
| 001 | ABS61484 | ||
| 008 | 000000n1999 000 0 eng u | ||
| 035 | _a(Sirsi) u102348 | ||
| 100 | _aWinter, J. | ||
| 245 | _aPublic bodies cannot favour a home team | ||
| 260 | _c1999 | ||
| 490 |
_aConstruction News _v(6642) 18 November 1999, 14(1) |
||
| 520 | _aUses the case "Harmon CFEM Facades (UK) v The Corporate Officer of the House of Commons" to illustrate the part of EU public procurement rules which prevents tenders being accepted on the grounds of the nationality of the tenderer. | ||
| 590 | _aABS | ||
| 650 | _aEU PUBLIC PROCUREMENT RULES | ||
| 650 | _aNATIONALITY | ||
| 650 | _aHARMON CFEM FACADES (UK) LTD V THE CORPORATE OFFICER OF THE HOUSE OF COMMONS | ||
| 650 | _aTORT OF MISFEASANCE | ||
| 650 | _aDISCRIMINATION | ||
| 690 | _aBUILT ENVIRONMENT-BUILDING CONTRACT FORMS | ||
| 942 | _n0 | ||
| 999 |
_c61371 _d61371 |
||